[Event "Cardiff Welsh op"]
[Site "Cardiff"]
[Date "2023.04.08"]
[Round "2"]
[White "Hollyman, Mike"]
[Black "Chong, Kimberly"]
[Result "1/2-1/2"]
[WhiteElo "1418"]
[BlackElo "1682"]
[PlyCount "107"]
[EventDate "2023.04.07"]
[EventType "swiss"]
[EventRounds "7"]
[EventCountry "WLS"]
[SourceTitle "EXT 2024"]
[Source "ChessBase"]
[SourceDate "2023.10.10"]
[SourceVersion "1"]
[SourceVersionDate "2023.10.10"]
[SourceQuality "1"]

1. c4 e5 2. Nc3 Nc6 3. g3 Nf6 4. Bg2 Bc5 5. e3 0-0 6. Nge2 Re8 7. 0-0 e4 8. f3 exf3 9. Bxf3 Ne5 10. d4 Nxf3+ 11. Rxf3 Bb4 12. a3 Bxc3 13. Nxc3 d5 14. Qf1 c6 15. cxd5 cxd5 16. Bd2 Bg4 17. Rxf6 Qxf6 18. Qxf6 gxf6 19. Nxd5 Re6 20. Nc7 Rc8 21. Nxe6 Rc2 22. Rc1 Rxc1+ 23. Bxc1 fxe6 24. Kf2 Kf7 25. e4 Ke7 26. Ke3 Kd6 27. Bd2 Kc6 28. Bb4 Kb5 29. Be7 f5 30. Kf4 Kc4 31. Bf6 h5 32. b3+ Kxb3 33. d5 fxe4 34. d6 e5+ 35. Kxe4 Kxa3 36. Kxe5 Kb4 37. Be7 Kb5 38. Kd4 Kc6 39. Kc3 Kd5 40. Kb4 Ke4 41. Kc5 Kf3 42. Bd8 Kg2 43. Bc7 Bd7 44. Bb8 a5 45. Kb6 a4 46. Bc7 a3 47. Bd8 a2 48. Bf6 Kxh2 49. Be5 Kg2 50. Kxb7 Bg4 51. Kc7 Kf3 52. d7 Bxd7 53. Kxd7 a1Q 54. Bxa1 1/2-1/2

[Event "South Wales Late Summer op"]
[Site "Cardiff"]
[Date "2022.09.03"]
[Round "2"]
[White "Chong, Kimberly"]
[Black "McGhee, David"]
[Result "1-0"]
[WhiteElo "1717"]
[BlackElo "1529"]
[PlyCount "37"]
[EventDate "2022.09.02"]
[EventType "swiss"]
[EventRounds "5"]
[EventCountry "WLS"]
[SourceTitle "EXT 2024"]
[Source "ChessBase"]
[SourceDate "2023.10.10"]
[SourceVersion "1"]
[SourceVersionDate "2023.10.10"]
[SourceQuality "1"]

1. e4 c5 2. c3 Nf6 3. e5 Nd5 4. d4 cxd4 5. Nf3 d6 6. Qxd4 e6 7. Bb5+ Bd7 8. Bg5 Be7 9. Bxd7+ Qxd7 10. exd6 Bf6 11. Bxf6 Nc6 12. Qg4 Nxf6 13. Qxg7 0-0-0 14. Qxf6 Rhg8 15. Nbd2 Rg6 16. Qh4 Rxg2 17. Ne4 f5 18. Ng3 Qxd6 19. Kf1 1-0

[Event "South Wales Late Summer op"]
[Site "Cardiff"]
[Date "2022.09.03"]
[Round "3"]
[White "Chong, Kimberly"]
[Black "Pleasants, Allan J"]
[Result "1/2-1/2"]
[WhiteElo "1717"]
[BlackElo "2005"]
[PlyCount "44"]
[EventDate "2022.09.02"]
[EventType "swiss"]
[EventRounds "5"]
[EventCountry "WLS"]
[SourceTitle "EXT 2024"]
[Source "ChessBase"]
[SourceDate "2023.10.10"]
[SourceVersion "1"]
[SourceVersionDate "2023.10.10"]
[SourceQuality "1"]

1. e4 d6 2. d4 g6 3. Nf3 Bg7 4. Bf4 Nf6 5. Bd3 Nc6 6. c3 0-0 7. d5 Nb8 8. Qd2 e6 9. c4 exd5 10. cxd5 Bg4 11. Nc3 Nbd7 12. Ng1 Nc5 13. f3 Bd7 14. Bc2 a5 15. Nge2 b5 16. Nd4 b4 17. Ncb5 Re8 18. 0-0 Qb8 19. a4 Qb6 20. Kh1 Re7 21. Bg5 Ree8 22. Rac1 Bxb5 1/2-1/2

[Event "South Wales Late Summer op"]
[Site "Cardiff"]
[Date "2022.09.02"]
[Round "1"]
[White "Young, Alan J"]
[Black "Chong, Kimberly"]
[Result "1-0"]
[WhiteElo "2088"]
[BlackElo "1717"]
[PlyCount "43"]
[EventDate "2022.09.02"]
[EventType "swiss"]
[EventRounds "5"]
[EventCountry "WLS"]
[SourceTitle "EXT 2024"]
[Source "ChessBase"]
[SourceDate "2023.10.10"]
[SourceVersion "1"]
[SourceVersionDate "2023.10.10"]
[SourceQuality "1"]

1. e4 d5 2. exd5 Nf6 3. Nf3 Nxd5 4. d4 g6 5. c4 Nb6 6. Nc3 Bg7 7. c5 Nd5 8. Bc4 c6 9. 0-0 0-0 10. Re1 e6 11. Bg5 Qc7 12. Qd2 b5 13. Bxd5 exd5 14. Re7 Qa5 15. Rae1 Be6 16. Bh6 Bf5 17. Ne5 Be6 18. Bxg7 Kxg7 19. Qg5 b4 20. Nxg6 hxg6 21. R1xe6 Kh7 22. Qxg6+ 1-0

[Event "Olympiad Women-44"]
[Site "Chennai"]
[Date "2022.08.02"]
[Round "5.2"]
[White "Johannsdottir, Johanna Bjorg"]
[Black "Chong, Kimberly"]
[Result "0-1"]
[WhiteElo "1976"]
[BlackElo "1741"]
[PlyCount "76"]
[EventDate "2022.07.29"]
[EventType "team-swiss"]
[EventRounds "11"]
[EventCountry "IND"]
[SourceTitle "CBM 210"]
[Source "ChessBase"]
[SourceDate "2022.10.31"]
[SourceVersion "1"]
[SourceVersionDate "2022.10.31"]
[SourceQuality "1"]
[WhiteTeam "Iceland (W)"]
[BlackTeam "Wales (W)"]
[WhiteTeamCountry "ISL"]
[BlackTeamCountry "WLS"]

1. e4 d5 2. exd5 Nf6 3. Nf3 Nxd5 4. d4 g6 5. c4 Nb6 6. Nc3 Bg7 7. c5 Nd5 8. Bc4 e6 9. 0-0 0-0 10. Qb3 c6 11. Ne4 b6 12. Re1 bxc5 13. dxc5 Nd7 14. Bg5 Qa5 15. Bd2 Qc7 16. Qc2 Rb8 17. Bb3 a5 18. Rab1 Nb4 19. Bxb4 Rxb4 20. a3 Rb8 21. Ba4 Ba6 22. b4 axb4 23. axb4 Bb5 24. Bb3 Qf4 25. Nd6 Qxb4 26. Ne4 Qa5 27. Nfg5 Ne5 28. Rbd1 Bd3 29. Qa2 Qxa2 30. Bxa2 Bc2 31. Rd6 h6 32. f4 Nd3 33. Re2 Rb2 34. Nxe6 Rxa2 35. Rxd3 Ra1+ 36. Kf2 Bxd3 37. Nxf8 Bxe2 38. Kxe2 Kxf8 0-1

[Event "Olympiad Women-44"]
[Site "Chennai"]
[Date "2022.07.29"]
[Round "1.2"]
[White "Soumya, Swaminathan"]
[Black "Chong, Kimberly"]
[Result "1-0"]
[WhiteElo "2335"]
[BlackElo "1741"]
[PlyCount "73"]
[EventDate "2022.07.29"]
[EventType "team-swiss"]
[EventRounds "11"]
[EventCountry "IND"]
[SourceTitle "CBM 210"]
[Source "ChessBase"]
[SourceDate "2022.10.31"]
[SourceVersion "1"]
[SourceVersionDate "2022.10.31"]
[SourceQuality "1"]
[WhiteTeam "India (W) II"]
[BlackTeam "Wales (W)"]
[WhiteTeamCountry "IND"]
[BlackTeamCountry "WLS"]

1. e4 d5 2. exd5 Nf6 3. Nf3 Nxd5 4. d4 g6 5. c4 Nb6 6. h3 Bg7 7. c5 Nd5 8. Bc4 0-0 9. Qb3 e6 10. Bg5 f6 11. Bd2 b6 12. Nc3 Re8 13. 0-0-0 Nxc3 14. Bxc3 a5 15. cxb6 cxb6 16. a4 Na6 17. Rhe1 Qd6 18. Nd2 Bh6 19. Kb1 Bxd2 20. Rxd2 Bd7 21. Rde2 Nc7 22. Bd2 Nd5 23. Qf3 Kf7 24. Bb3 Nc7 25. Bf4 Qc6 26. Qxc6 Bxc6 27. Bxc7 Bd7 28. Ka2 b5 29. axb5 a4 30. Bc4 Rac8 31. b6 h5 32. f4 f5 33. d5 exd5 34. Bxd5+ Kf8 35. Bd6+ Kg7 36. Rxe8 Bxe8 37. b7 1-0

[Event "Cardiff Welsh op"]
[Site "Cardiff"]
[Date "2022.04.17"]
[Round "5"]
[White "Chong, Kimberly"]
[Black "Bridges, Paul"]
[Result "1/2-1/2"]
[WhiteElo "1765"]
[BlackElo "1768"]
[PlyCount "110"]
[EventDate "2022.04.15"]
[EventType "swiss"]
[EventRounds "7"]
[EventCountry "WLS"]
[SourceTitle "CBM 207 Extra"]
[Source "ChessBase"]
[SourceDate "2022.05.31"]
[SourceVersion "1"]
[SourceVersionDate "2022.05.31"]
[SourceQuality "1"]

1. e4 c5 2. c3 d5 3. exd5 Qxd5 4. d4 e6 5. Nf3 Nc6 6. Be2 Nf6 7. 0-0 Be7 8. Be3 cxd4 9. cxd4 0-0 10. Nc3 Qa5 11. Rc1 a6 12. a3 Nd5 13. Bd2 Qd8 14. b4 Nxc3 15. Bxc3 Bf6 16. Qd3 Ne7 17. Rfd1 Nd5 18. Bd2 b5 19. Ne5 Bb7 20. Bf3 Qd6 21. Ng4 Be7 22. g3 Rfc8 23. Bg2 Rxc1 24. Rxc1 Rc8 25. Rxc8+ Bxc8 26. Qc2 Bb7 27. Ne5 h6 28. Be4 Bf6 29. f4 Bxe5 30. fxe5 Qc6 31. Qc5 Qxc5 32. dxc5 Kf8 33. Kf2 Ke7 34. h4 Bc6 35. Bg2 h5 36. Bg5+ Kd7 37. Bd2 g6 38. Bf3 Ke7 39. Bg5+ Kd7 40. Bd2 Ke7 41. Be2 Kd7 42. a4 Ke7 43. axb5 axb5 44. g4 hxg4 45. Bxg4 Kf8 46. h5 gxh5 47. Bxh5 Ke7 48. Kg3 f6 49. exf6+ Kxf6 50. Bf3 Kf5 51. Kf2 Ke5 52. Bc3+ Nxc3 53. Bxc6 Na2 54. Bxb5 Nxb4 55. Bc4 Kd4 1/2-1/2

[Event "Online Olym Div3 C"]
[Site "Chess.com INT"]
[Date "2021.08.27"]
[Round "2.2"]
[White "Chong, Kimberly"]
[Black "Mwango, Lorita"]
[Result "1-0"]
[WhiteElo "1790"]
[BlackElo "1920"]
[PlyCount "81"]
[EventDate "2021.08.27"]
[EventType "team-tourn (rapid)"]
[EventRounds "9"]
[EventCountry "USA"]
[SourceTitle "CBM 204 Extra"]
[Source "ChessBase"]
[SourceDate "2021.11.30"]
[SourceVersion "1"]
[SourceVersionDate "2021.11.30"]
[SourceQuality "1"]
[WhiteTeam "Wales"]
[BlackTeam "Zambia"]
[WhiteTeamCountry "WLS"]
[BlackTeamCountry "ZAM"]

1. e4 c6 2. d4 d5 3. exd5 cxd5 4. c4 e6 5. Nc3 Nf6 6. Nf3 Be7 7. cxd5 exd5 8. Bb5+ Nc6 9. 0-0 0-0 10. Bxc6 bxc6 11. Ne5 Qb6 12. Qa4 Bb7 13. Re1 Rfe8 14. Rb1 h6 15. Be3 Rac8 16. Qd1 Qa5 17. a3 Qc7 18. b4 a6 19. Qf3 Ba8 20. Qg3 Kf8 21. Qf3 Kg8 22. Qg3 Kf8 23. Qf3 Bd8 24. Bf4 Qa7 25. Rbd1 Nd7 26. Ng6+ fxg6 27. Bd6+ Kg8 28. Rxe8+ Kh7 29. Qf7 h5 30. Be5 Nf6 31. Qxa7 Nxe8 32. Qd7 Rc7 33. Bxc7 Bxc7 34. Qxe8 c5 35. dxc5 d4 36. Qxa8 dxc3 37. Qe4 a5 38. Rc1 axb4 39. axb4 Bd8 40. Rxc3 Bf6 41. Rg3 1-0

[Event "WLS Under 1850 League"]
[Site "Wales"]
[Date "2020.02.23"]
[Round "2.10"]
[White "Jones, Martin C"]
[Black "Chong, Kimberly"]
[Result "0-1"]
[WhiteElo "1762"]
[BlackElo "1752"]
[PlyCount "78"]
[EventDate "2020.01.26"]
[EventType "team-tourn"]
[EventRounds "9"]
[EventCountry "WLS"]
[SourceTitle "EXT 2022"]
[Source "ChessBase"]
[SourceDate "2021.10.06"]
[SourceVersion "1"]
[SourceVersionDate "2021.10.06"]
[SourceQuality "1"]
[WhiteTeam "Steynton"]
[BlackTeam "Cardiff Tigers"]
[WhiteTeamCountry "WLS"]
[BlackTeamCountry "WLS"]

1. d4 Nf6 2. c4 e6 3. Nc3 d5 4. Nf3 Be7 5. g3 c5 6. cxd5 exd5 7. Bg2 0-0 8. 0-0 Nc6 9. e3 Bg4 10. Qa4 a6 11. Ne5 Bd7 12. Nxd7 Qxd7 13. dxc5 Bxc5 14. Rd1 Qf5 15. Ne2 Nb4 16. Nd4 Qg6 17. Qb3 a5 18. a3 a4 19. Qc3 Na6 20. Bd2 Rac8 21. Rac1 Bb4 22. Qxc8 Rxc8 23. Rxc8+ Bf8 24. Bf1 Ne4 25. Be1 Nd6 26. Ra8 Nc4 27. Bxc4 dxc4 28. Nb5 Nc5 29. Rdd8 Ne6 30. Rdc8 Qb1 31. Kf1 Qd3+ 32. Kg2 Qd5+ 33. Kg1 Qxb5 34. Bb4 g6 35. Bxf8 Nxf8 36. Rxf8+ Kg7 37. Rfc8 Qxb2 38. Rxc4 b5 39. Rc7 Qb1+ 0-1

[Event "Dyfed op 48th"]
[Site "Fishguard"]
[Date "2019.02.23"]
[Round "2.19"]
[White "Chong, Kimberly"]
[Black "Leah, Howard"]
[Result "1-0"]
[WhiteElo "1720"]
[BlackElo "1613"]
[PlyCount "97"]
[EventDate "2019.02.22"]
[EventType "swiss"]
[EventRounds "5"]
[EventCountry "WLS"]
[SourceTitle "EXT 2020"]
[Source "ChessBase"]
[SourceDate "2019.10.17"]
[SourceVersion "1"]
[SourceVersionDate "2019.10.17"]
[SourceQuality "1"]

1. e4 c5 2. c3 Nc6 3. d4 cxd4 4. cxd4 d6 5. Nf3 Qa5+ 6. Nc3 Bg4 7. Be2 e6 8. d5 exd5 9. exd5 Bxf3 10. Bxf3 Ne5 11. Be2 a6 12. Bd2 Be7 13. Rc1 Nf6 14. Nb5 Qd8 15. Nc7+ Kf8 16. Nxa8 Qxa8 17. Qb3 Ne4 18. Bf4 Nc5 19. Qc2 g5 20. Bxe5 dxe5 21. b4 Nd7 22. 0-0 Nb6 23. Qf5 Kg7 24. Qxe5+ Bf6 25. Qf5 Qd8 26. Rfd1 Qd6 27. Bf3 h6 28. Rc2 Re8 29. Be4 Rh8 30. Rdc1 Be5 31. g3 Qe7 32. a4 Nd7 33. Rc8 Nf6 34. Rxh8 Kxh8 35. Rc8+ Kg7 36. Rc4 Nxe4 37. Rxe4 f6 38. f4 gxf4 39. Qg4+ Kf8 40. Qc8+ Kg7 41. Qc5 Qd7 42. Qc4 fxg3 43. Rg4+ Kf8 44. hxg3 Bd6 45. Rh4 Qg7 46. Qc8+ Kf7 47. Qd7+ Be7 48. Qe6+ Ke8 49. Rg4 1-0

[Event "London Classic U1825 op 10th"]
[Site "London"]
[Date "2018.12.15"]
[Round "2"]
[White "Chong, Kimberly"]
[Black "Pradhan, Abhishek"]
[Result "0-1"]
[WhiteElo "1713"]
[BlackElo "1637"]
[PlyCount "60"]
[EventDate "2018.12.14"]
[EventType "swiss"]
[EventRounds "5"]
[EventCountry "ENG"]
[SourceTitle "CBM 187 Extra"]
[Source "ChessBase"]
[SourceDate "2018.11.04"]
[SourceVersion "1"]
[SourceVersionDate "2018.11.04"]
[SourceQuality "1"]

1. e4 e6 2. d4 d5 3. exd5 exd5 4. c4 Nf6 5. Nc3 Be7 6. Be2 dxc4 7. Bxc4 0-0 8. Nge2 Nc6 9. Bf4 a6 10. Rc1 b5 11. Bd3 Nb4 12. Bb1 Bb7 13. 0-0 Nbd5 14. Bg3 Bd6 15. Nxd5 Nxd5 16. Be5 Re8 17. Qd3 g6 18. f4 f6 19. Bxd6 Qxd6 20. f5 g5 21. h4 Re3 22. Qd2 Rae8 23. Rce1 Qe7 24. Kf2 c5 25. Nc3 cxd4 26. Nxd5 Bxd5 27. hxg5 fxg5 28. Bd3 Qe5 29. Re2 Qg3+ 30. Kg1 Rxe2 0-1

[Event "BCF-chT4S 1819 (4NCL)"]
[Site "England"]
[Date "2018.11.17"]
[Round "1.14"]
[White "Chong, Kimberly"]
[Black "Hughes, Anthony"]
[Result "0-1"]
[WhiteElo "1738"]
[BlackElo "1910"]
[PlyCount "92"]
[EventDate "2018.11.17"]
[EventType "team-swiss"]
[EventRounds "11"]
[EventCountry "ENG"]
[SourceTitle "EXT 2021"]
[Source "ChessBase"]
[SourceDate "2020.10.23"]
[SourceVersion "1"]
[SourceVersionDate "2020.10.23"]
[SourceQuality "1"]
[WhiteTeam "Fischer's Catch"]
[BlackTeam "The Full Ponty"]
[WhiteTeamCountry "WLS"]
[BlackTeamCountry "WLS"]

1. e4 c6 2. d4 d5 3. exd5 cxd5 4. c4 Nf6 5. Nf3 Nc6 6. Nc3 Bg4 7. Be2 e6 8. cxd5 Nxd5 9. 0-0 Be7 10. Re1 0-0 11. h3 Bh5 12. Be3 Rc8 13. Rc1 Qa5 14. Nxd5 Qxd5 15. Bc4 Qa5 16. a3 Rfd8 17. Rc3 Ne5 18. Be2 Rxc3 19. bxc3 Nxf3+ 20. Bxf3 Bxf3 21. Qxf3 Bxa3 22. Qxb7 Qxc3 23. Rb1 a5 24. Bg5 Rc8 25. Bf4 h6 26. Rb3 Qa1+ 27. Kh2 Rd8 28. Qb6 Qxd4 29. Qxd4 Rxd4 30. Be3 Bd6+ 31. g3 Rd5 32. Rb2 a4 33. Kg2 a3 34. Ra2 Rb5 35. Bd4 e5 36. Ba1 f5 37. Rd2 Rb6 38. g4 g6 39. gxf5 gxf5 40. Rd5 Ra6 41. f4 exf4 42. Rxf5 Ra4 43. Rf6 Bf8 44. Kf3 a2 45. Rxf4 Rxf4+ 46. Kxf4 Bg7 0-1